Κύπρος : αφιέρωμα τιμής, αγάπης και οδύνης
Αποθηκεύτηκε σε:
| Κύριος συγγραφέας: | |
|---|---|
| Μορφή: | Βιβλίο |
| Γλώσσα: | Greek |
| Δημοσίευση: |
Αθήνα :
Δωρικός,
1974.
|
| Θέματα: | |
| Ετικέτες: |
Προσθήκη ετικέτας
Δεν υπάρχουν, Καταχωρήστε ετικέτα πρώτοι!
|
MARC
| LEADER | 00000cam a2200000 i 4500 | ||
|---|---|---|---|
| 001 | 1/56237 | ||
| 008 | 981103s1974 gr | ||| |||| ||gre|| | ||
| 035 | |l 10045506 | ||
| 040 | |a GR-MyUA |b gre |e AACR2 | ||
| 041 | 0 | |a gre | |
| 082 | 0 | |a 889.092 | |
| 100 | 1 | |a Ασημακόπουλος, Κώστας, |d 1934- | |
| 245 | 1 | 0 | |a Κύπρος : |b αφιέρωμα τιμής, αγάπης και οδύνης / |c Κώστα Ασημακόπουλου. |
| 260 | |a Αθήνα : |b Δωρικός, |c 1974. | ||
| 300 | |a 188 σ. ; |c 21 εκ. | ||
| 500 | |a (Ανθολογία κειμένων) | ||
| 650 | 0 | 0 | |a Anthropology. |
| 650 | 0 | 0 | |a Greek literature, Modern |z Cyprus. |
| 852 | |a INST |b SAMOS |e 19981103 |h 889.092 ΑΣΗ |p 005300013933 |q 005300013933 |t BK |y 0 | ||
| 901 | |a BIBL-1998-3 | ||
| 909 | |a Σ |b 057734 | ||
| 922 | |a 3ΕΛΗ |b 199709 |c ΔΩΡ |d ΠΑΡΙΑΝΟΣ | ||